[Event "ODJM B 2024"]
[Site "Willingen GER"]
[Date "2024.05.22"]
[Round "6"]
[White "Seifert, Hendrik"]
[Black "Sniegowski, Richard"]
[Result "1-0"]
[Termination "normal"]
[Board "17"]
[WhiteElo "1748"]
[BlackElo "1683"]
[WhiteClock "00:20:06"]
[BlackClock "01:39:34"]
[PlyCount "105"]
[WhiteFideId "16241193"]
[BlackFideId "34664181"]
[EventCountry "GER"]
[EventRounds "9"]
[EventType "swiss"]
[EventDate "2024.05.18"]

1. e4 {[%clk 01:30:47]} {[%emt 00:00:02]} e5 {[%clk 01:30:59]} {[%emt
00:00:12]} 2. Nc3 {[%clk 01:31:11]} {[%emt 00:00:05]} Nc6 {[%clk 01:31:21]}
{[%emt 00:00:09]} 3. Bc4 {[%clk 01:31:33]} {[%emt 00:00:07]} Nf6 {[%clk
01:31:47]} {[%emt 00:00:05]} 4. d3 {[%clk 01:31:22]} {[%emt 00:00:41]} Na5
{[%clk 01:32:09]} {[%emt 00:00:08]} 5. Bb3 {[%clk 01:31:27]} {[%emt 00:00:24]}
Nxb3 {[%clk 01:31:28]} {[%emt 00:01:12]} 6. axb3 {[%clk 01:31:44]} {[%emt
00:00:12]} d5 {[%clk 01:31:50]} {[%emt 00:00:09]} 7. Bg5 {[%clk 01:24:45]}
{[%emt 00:07:27]} d4 {[%clk 01:27:35]} {[%emt 00:04:46]} 8. Nd5 {[%clk
01:21:51]} {[%emt 00:03:25]} Be7 {[%clk 01:26:42]} {[%emt 00:01:22]} 9. Nxe7
{[%clk 01:21:15]} {[%emt 00:01:07]} Qxe7 {[%clk 01:27:08]} {[%emt 00:00:04]}
10. Bxf6 {[%clk 01:15:23]} {[%emt 00:06:22]} Qxf6 {[%clk 01:27:22]} {[%emt
00:00:16]} 11. Qf3 {[%clk 01:13:30]} {[%emt 00:02:23]} Qb6 {[%clk 01:26:41]}
{[%emt 00:01:11]} 12. Qe2 {[%clk 01:11:49]} {[%emt 00:02:11]} O-O {[%clk
01:21:34]} {[%emt 00:05:37]} 13. Nf3 {[%clk 01:06:37]} {[%emt 00:05:41]} Bg4
{[%clk 01:21:55]} {[%emt 00:00:09]} 14. h3 {[%clk 01:01:40]} {[%emt 00:05:27]}
Bxf3 {[%clk 01:21:00]} {[%emt 00:01:26]} 15. gxf3 {[%clk 00:56:40]} {[%emt
00:05:30]} Qb4+ {[%clk 01:20:41]} {[%emt 00:00:49]} 16. Qd2 {[%clk 00:56:26]}
{[%emt 00:00:44]} Qxd2+ {[%clk 01:21:02]} {[%emt 00:00:09]} 17. Kxd2 {[%clk
00:56:49]} {[%emt 00:00:05]} f5 {[%clk 01:21:23]} {[%emt 00:00:10]} 18. Ke2
{[%clk 00:55:00]} {[%emt 00:02:20]} fxe4 {[%clk 01:21:02]} {[%emt 00:00:51]}
19. fxe4 {[%clk 00:54:30]} {[%emt 00:00:59]} Rf6 {[%clk 01:21:21]} {[%emt
00:00:11]} 20. Ra5 {[%clk 00:52:07]} {[%emt 00:02:53]} Raf8 {[%clk 01:17:30]}
{[%emt 00:04:22]} 21. Rh2 {[%clk 00:50:32]} {[%emt 00:02:05]} Rc6 {[%clk
01:13:32]} {[%emt 00:04:28]} 22. Kd2 {[%clk 00:38:08]} {[%emt 00:12:53]} Rcf6
{[%clk 01:13:56]} {[%emt 00:00:07]} 23. Rxa7 {[%clk 00:36:02]} {[%emt
00:02:36]} Rxf2+ {[%clk 01:14:17]} {[%emt 00:00:09]} 24. Rxf2 {[%clk 00:36:23]}
{[%emt 00:00:09]} Rxf2+ {[%clk 01:14:43]} {[%emt 00:00:04]} 25. Kd1 {[%clk
00:35:28]} {[%emt 00:01:24]} Rh2 {[%clk 01:14:24]} {[%emt 00:00:49]} 26. Rxb7
{[%clk 00:31:45]} {[%emt 00:04:13]} Rxh3 {[%clk 01:14:41]} {[%emt 00:00:14]}
27. Rxc7 {[%clk 00:30:54]} {[%emt 00:01:20]} h5 {[%clk 01:15:03]} {[%emt
00:00:08]} 28. Re7 {[%clk 00:16:05]} {[%emt 00:15:20]} h4 {[%clk 01:15:21]}
{[%emt 00:00:11]} 29. Rxe5 {[%clk 00:15:42]} {[%emt 00:00:54]} Rh1+ {[%clk
01:15:43]} {[%emt 00:00:08]} 30. Ke2 {[%clk 00:11:09]} {[%emt 00:05:02]} Rh2+
{[%clk 01:16:05]} {[%emt 00:00:09]} 31. Kf1 {[%clk 00:09:15]} {[%emt 00:02:24]}
Rxc2 {[%clk 01:16:20]} {[%emt 00:00:13]} 32. Rd5 {[%clk 00:07:37]} {[%emt
00:02:09]} h3 {[%clk 01:16:04]} {[%emt 00:00:46]} 33. Kg1 {[%clk 00:07:39]}
{[%emt 00:00:27]} Rg2+ {[%clk 01:15:12]} {[%emt 00:01:23]} 34. Kh1 {[%clk
00:07:01]} {[%emt 00:01:08]} Rxb2 {[%clk 01:15:37]} {[%emt 00:00:06]} 35. Rxd4
{[%clk 00:07:17]} {[%emt 00:00:13]} Rxb3 {[%clk 01:16:02]} {[%emt 00:00:05]}
36. Kh2 {[%clk 00:07:38]} {[%emt 00:00:09]} Kf7 {[%clk 01:15:03]} {[%emt
00:01:30]} 37. Kxh3 {[%clk 00:07:42]} {[%emt 00:00:26]} Rb5 {[%clk 01:15:28]}
{[%emt 00:00:05]} 38. Kg4 {[%clk 00:06:13]} {[%emt 00:01:57]} Ke6 {[%clk
01:15:06]} {[%emt 00:00:54]} 39. Ra4 {[%clk 00:02:00]} {[%emt 00:04:43]} Ke5
{[%clk 01:13:49]} {[%emt 00:01:47]} 40. Kf3 {[%clk 00:00:47]} {[%emt 00:01:43]}
Rb3 {[%clk 01:11:37]} {[%emt 00:02:42]} 41. Ra5+ {[%clk 00:00:36]} {[%emt
00:00:41]} Kd4 {[%clk 01:11:21]} {[%emt 00:00:45]} 42. Rd5+ {[%clk 00:29:45]}
{[%emt 00:01:20]} Kc3 {[%clk 01:41:42]} {[%emt 00:00:09]} 43. e5 {[%clk
00:27:05]} {[%emt 00:03:10]} Rb7 {[%clk 01:40:49]} {[%emt 00:01:25]} 44. Ke4
{[%clk 00:23:35]} {[%emt 00:03:59]} Rf7 {[%clk 01:39:32]} {[%emt 00:01:47]} 45.
e6 {[%clk 00:21:56]} {[%emt 00:02:09]} Rf6 {[%clk 01:39:56]} {[%emt 00:00:06]}
46. Ke5 {[%clk 00:20:00]} {[%emt 00:02:25]} Rf1 {[%clk 01:39:53]} {[%emt
00:00:34]} 47. Kd6 {[%clk 00:19:36]} {[%emt 00:00:54]} g5 {[%emt 00:00:21]} 48.
Rxg5 {[%clk 00:19:01]} {[%emt 00:01:00]} Kxd3 {[%clk 01:40:05]} {[%emt
00:00:33]} 49. e7 {[%clk 00:19:14]} {[%emt 00:00:16]} Rf6+ {[%clk 01:39:49]}
{[%emt 00:00:45]} 50. Kd7 {[%clk 00:19:30]} {[%emt 00:00:15]} Rf7 {[%clk
01:39:52]} {[%emt 00:00:27]} 51. Kd8 {[%clk 00:19:51]} {[%emt 00:00:09]} Kc4
{[%clk 01:39:17]} {[%emt 00:01:06]} 52. e8=Q {[%clk 00:20:01]} {[%emt
00:00:20]} Ra7 {[%clk 01:39:34]} {[%emt 00:00:12]} 53. Qe4+ {[%clk 00:20:06]}
{[%emt 00:00:25]} 1-0

[Event "ODJM B 2024"]
[Site "Willingen GER"]
[Date "2024.05.22"]
[Round "6"]
[White "Reuter, Max"]
[Black "Eitel, Luc"]
[Result "1-0"]
[Termination "normal"]
[Board "18"]
[WhiteElo "1712"]
[BlackElo "1734"]
[WhiteClock "00:00:39"]
[BlackClock "00:05:38"]
[PlyCount "81"]
[WhiteFideId "16263715"]
[BlackFideId "16299728"]
[EventCountry "GER"]
[EventRounds "9"]
[EventType "swiss"]
[EventDate "2024.05.18"]

1. e4 {[%clk 01:30:45]} {[%emt 00:00:13]} c5 {[%clk 01:30:56]} {[%emt
00:00:05]} 2. f4 {[%clk 01:31:08]} {[%emt 00:00:08]} d6 {[%clk 01:30:55]}
{[%emt 00:00:31]} 3. Nc3 {[%clk 01:31:16]} {[%emt 00:00:21]} Nc6 {[%clk
01:31:02]} {[%emt 00:00:23]} 4. Bb5 {[%clk 01:30:39]} {[%emt 00:01:07]} Qc7
{[%clk 01:30:27]} {[%emt 00:01:06]} 5. d3 {[%clk 01:29:24]} {[%emt 00:01:45]}
a6 {[%clk 01:29:09]} {[%emt 00:01:48]} 6. Nd5 {[%clk 01:27:00]} {[%emt
00:02:54]} Qa5+ {[%clk 01:28:55]} {[%emt 00:00:39]} 7. Bd2 {[%clk 01:27:22]}
{[%emt 00:00:13]} Qd8 {[%clk 01:24:10]} {[%emt 00:05:11]} 8. Bxc6+ {[%clk
01:26:56]} {[%emt 00:01:00]} bxc6 {[%clk 01:24:32]} {[%emt 00:00:08]} 9. Ne3
{[%clk 01:26:41]} {[%emt 00:00:45]} d5 {[%clk 01:23:00]} {[%emt 00:02:02]} 10.
e5 {[%clk 01:21:12]} {[%emt 00:05:59]} Nh6 {[%clk 01:20:10]} {[%emt 00:03:19]}
11. h3 {[%clk 01:12:28]} {[%emt 00:09:15]} Nf5 {[%clk 01:17:05]} {[%emt
00:03:35]} 12. Nxf5 {[%clk 01:11:07]} {[%emt 00:01:52]} Bxf5 {[%clk 01:17:19]}
{[%emt 00:00:15]} 13. g4 {[%clk 01:11:17]} {[%emt 00:00:20]} Bd7 {[%clk
01:17:34]} {[%emt 00:00:11]} 14. Qf3 {[%clk 01:08:44]} {[%emt 00:03:06]} Qb6
{[%clk 01:15:22]} {[%emt 00:02:43]} 15. Rb1 {[%clk 01:06:20]} {[%emt 00:02:54]}
e6 {[%clk 01:13:23]} {[%emt 00:02:28]} 16. Ne2 {[%clk 01:05:37]} {[%emt
00:01:14]} Be7 {[%clk 01:13:09]} {[%emt 00:00:43]} 17. O-O {[%clk 00:56:19]}
{[%emt 00:09:48]} c4+ {[%clk 01:07:20]} {[%emt 00:06:20]} 18. d4 {[%clk
00:55:10]} {[%emt 00:01:39]} Bb4 {[%clk 01:03:37]} {[%emt 00:04:07]} 19. c3
{[%clk 00:55:05]} {[%emt 00:00:41]} Be7 {[%clk 01:03:48]} {[%emt 00:00:19]} 20.
Ng3 {[%clk 00:52:28]} {[%emt 00:03:06]} O-O-O {[%clk 00:58:23]} {[%emt
00:05:54]} 21. f5 {[%clk 00:48:13]} {[%emt 00:04:46]} f6 {[%clk 00:49:07]}
{[%emt 00:09:46]} 22. exf6 {[%clk 00:31:52]} {[%emt 00:16:51]} Bxf6 {[%clk
00:46:18]} {[%emt 00:03:20]} 23. g5 {[%clk 00:28:48]} {[%emt 00:03:34]} Be5
{[%clk 00:45:22]} {[%emt 00:01:25]} 24. Bf4 {[%clk 00:27:49]} {[%emt 00:01:29]}
Bxf4 {[%clk 00:43:59]} {[%emt 00:01:53]} 25. Qxf4 {[%clk 00:28:04]} {[%emt
00:00:16]} h6 {[%clk 00:37:27]} {[%emt 00:07:02]} 26. h4 {[%clk 00:23:33]}
{[%emt 00:05:00]} Rdf8 {[%clk 00:33:48]} {[%emt 00:04:09]} 27. f6 {[%clk
00:21:33]} {[%emt 00:02:31]} hxg5 {[%clk 00:31:12]} {[%emt 00:03:05]} 28. hxg5
{[%clk 00:20:52]} {[%emt 00:01:12]} gxf6 {[%clk 00:31:04]} {[%emt 00:00:38]}
29. gxf6 {[%clk 00:21:07]} {[%emt 00:00:14]} Qd8 {[%clk 00:30:10]} {[%emt
00:01:24]} 30. b3 {[%clk 00:19:58]} {[%emt 00:01:39]} cxb3 {[%clk 00:28:51]}
{[%emt 00:01:49]} 31. Rxb3 {[%clk 00:14:07]} {[%emt 00:06:22]} Qc7 {[%clk
00:29:01]} {[%emt 00:00:19]} 32. Qe5 {[%clk 00:13:35]} {[%emt 00:01:02]} Rhg8
{[%clk 00:26:06]} {[%emt 00:03:26]} 33. Kg2 {[%clk 00:04:31]} {[%emt 00:09:34]}
Kd8 {[%clk 00:22:37]} {[%emt 00:03:59]} 34. Rfb1 {[%clk 00:01:06]} {[%emt
00:03:55]} Bc8 {[%clk 00:21:32]} {[%emt 00:01:34]} 35. Rf1 {[%clk 00:00:49]}
{[%emt 00:00:47]} Rg6 {[%clk 00:18:15]} {[%emt 00:03:46]} 36. Rb2 {[%clk
00:00:52]} {[%emt 00:00:29]} Qd7 {[%clk 00:16:12]} {[%emt 00:02:33]} 37. Rbf2
{[%clk 00:00:53]} {[%emt 00:00:29]} a5 {[%clk 00:14:39]} {[%emt 00:02:03]} 38.
Rf3 {[%clk 00:00:47]} {[%emt 00:00:36]} Rf7 {[%clk 00:07:16]} {[%emt 00:07:53]}
39. Rh1 {[%clk 00:00:38]} {[%emt 00:00:39]} Qe8 {[%clk 00:05:19]} {[%emt
00:02:26]} 40. Qd6+ {[%clk 00:00:48]} {[%emt 00:00:20]} Bd7 {[%clk 00:05:38]}
{[%emt 00:00:12]} 41. Rb1 {[%clk 00:00:39]} {[%emt 00:00:39]} 1-0

[Event "ODJM B 2024"]
[Site "Willingen GER"]
[Date "2024.05.22"]
[Round "6"]
[White "Stettner, Oskar"]
[Black "Malan, Jan-Willem"]
[Result "1-0"]
[Termination "normal"]
[Board "20"]
[WhiteElo "1672"]
[BlackElo "1664"]
[WhiteClock "00:03:52"]
[BlackClock "00:28:47"]
[PlyCount "83"]
[WhiteFideId "34617035"]
[BlackFideId "34624260"]
[EventCountry "GER"]
[EventRounds "9"]
[EventType "swiss"]
[EventDate "2024.05.18"]

1. e4 {[%clk 01:30:59]} {[%emt 00:00:01]} c5 {[%clk 01:30:31]} {[%emt
00:00:29]} 2. d3 {[%clk 01:31:27]} {[%emt 00:00:02]} Nc6 {[%clk 01:30:49]}
{[%emt 00:00:12]} 3. f4 {[%clk 01:31:53]} {[%emt 00:00:05]} g6 {[%clk
01:30:46]} {[%emt 00:00:33]} 4. Nf3 {[%clk 01:32:17]} {[%emt 00:00:05]} Bg7
{[%clk 01:31:08]} {[%emt 00:00:08]} 5. Be2 {[%clk 01:32:42]} {[%emt 00:00:05]}
e6 {[%clk 01:31:32]} {[%emt 00:00:06]} 6. O-O {[%clk 01:32:59]} {[%emt
00:00:12]} Nge7 {[%clk 01:31:47]} {[%emt 00:00:16]} 7. c3 {[%clk 01:33:23]}
{[%emt 00:00:06]} d5 {[%clk 01:32:00]} {[%emt 00:00:17]} 8. e5 {[%clk
01:32:52]} {[%emt 00:01:01]} O-O {[%clk 01:30:49]} {[%emt 00:01:41]} 9. Na3
{[%clk 01:30:12]} {[%emt 00:03:10]} a6 {[%clk 01:29:42]} {[%emt 00:01:37]} 10.
Nc2 {[%clk 01:29:59]} {[%emt 00:00:43]} b5 {[%clk 01:17:15]} {[%emt 00:12:57]}
11. Be3 {[%clk 01:28:20]} {[%emt 00:02:09]} c4 {[%clk 01:16:09]} {[%emt
00:01:37]} 12. Qe1 {[%clk 01:22:36]} {[%emt 00:06:13]} Nf5 {[%clk 01:15:27]}
{[%emt 00:01:12]} 13. Bc5 {[%clk 01:21:36]} {[%emt 00:01:30]} Re8 {[%clk
01:15:08]} {[%emt 00:00:49]} 14. g4 {[%clk 01:20:48]} {[%emt 00:01:17]} Nfe7
{[%clk 01:11:26]} {[%emt 00:04:13]} 15. Nh4 {[%clk 01:06:37]} {[%emt 00:14:40]}
Rb8 {[%clk 01:01:58]} {[%emt 00:09:59]} 16. d4 {[%clk 01:00:40]} {[%emt
00:06:27]} Na5 {[%clk 00:59:05]} {[%emt 00:03:23]} 17. Qg3 {[%clk 00:52:37]}
{[%emt 00:08:32]} h6 {[%clk 00:53:50]} {[%emt 00:05:46]} 18. f5 {[%clk
00:33:53]} {[%emt 00:19:14]} exf5 {[%clk 00:53:43]} {[%emt 00:00:37]} 19. Bxe7
{[%clk 00:32:54]} {[%emt 00:01:28]} Qxe7 {[%clk 00:54:07]} {[%emt 00:00:06]}
20. gxf5 {[%clk 00:33:09]} {[%emt 00:00:15]} g5 {[%clk 00:52:17]} {[%emt
00:02:21]} 21. Ng2 {[%clk 00:30:26]} {[%emt 00:03:12]} Rb6 {[%clk 00:49:01]}
{[%emt 00:03:47]} 22. Bh5 {[%clk 00:26:00]} {[%emt 00:04:55]} Qd8 {[%clk
00:44:55]} {[%emt 00:04:37]} 23. f6 {[%clk 00:20:23]} {[%emt 00:06:08]} Bh8
{[%clk 00:39:57]} {[%emt 00:05:27]} 24. h4 {[%clk 00:18:49]} {[%emt 00:02:04]}
Be6 {[%clk 00:37:50]} {[%emt 00:02:37]} 25. hxg5 {[%clk 00:18:56]} {[%emt
00:00:22]} Rb7 {[%clk 00:33:24]} {[%emt 00:04:57]} 26. gxh6+ {[%clk 00:19:08]}
{[%emt 00:00:18]} Kh7 {[%clk 00:33:30]} {[%emt 00:00:24]} 27. Qf4 {[%clk
00:13:57]} {[%emt 00:05:41]} Rg8 {[%clk 00:32:58]} {[%emt 00:01:01]} 28. Kh2
{[%clk 00:11:50]} {[%emt 00:02:37]} Qf8 {[%clk 00:33:03]} {[%emt 00:00:26]} 29.
Be2 {[%clk 00:07:00]} {[%emt 00:05:20]} Rg6 {[%clk 00:32:36]} {[%emt 00:00:57]}
30. Nh4 {[%clk 00:05:10]} {[%emt 00:02:20]} Qxh6 {[%clk 00:32:10]} {[%emt
00:00:56]} 31. Qxh6+ {[%clk 00:05:04]} {[%emt 00:00:36]} Rxh6 {[%clk 00:32:24]}
{[%emt 00:00:16]} 32. Rf4 {[%clk 00:04:29]} {[%emt 00:01:04]} Rb8 {[%clk
00:31:28]} {[%emt 00:01:27]} 33. Rg1 {[%clk 00:04:41]} {[%emt 00:00:17]} Rg8
{[%clk 00:31:48]} {[%emt 00:00:10]} 34. Rxg8 {[%clk 00:04:34]} {[%emt
00:00:38]} Kxg8 {[%clk 00:32:13]} {[%emt 00:00:05]} 35. Nb4 {[%clk 00:04:48]}
{[%emt 00:00:16]} Nb7 {[%clk 00:30:17]} {[%emt 00:02:26]} 36. Nxa6 {[%clk
00:04:57]} {[%emt 00:00:21]} Bd7 {[%clk 00:29:40]} {[%emt 00:01:07]} 37. Nc7
{[%clk 00:05:04]} {[%emt 00:00:22]} Bc6 {[%clk 00:29:56]} {[%emt 00:00:15]} 38.
Kg3 {[%clk 00:04:51]} {[%emt 00:00:43]} Nd8 {[%clk 00:29:44]} {[%emt 00:00:42]}
39. Nf5 {[%clk 00:04:11]} {[%emt 00:01:09]} Rg6+ {[%clk 00:28:23]} {[%emt
00:01:52]} 40. Rg4 {[%clk 00:03:34]} {[%emt 00:01:07]} Rxg4+ {[%clk 00:28:33]}
{[%emt 00:00:19]} 41. Bxg4 {[%clk 00:03:54]} {[%emt 00:00:10]} Kf8 {[%clk
00:28:47]} {[%emt 00:00:17]} 42. Ne7 {[%clk 00:03:52]} {[%emt 00:00:32]} 1-0

[Event "ODJM B 2024"]
[Site "Willingen GER"]
[Date "2024.05.22"]
[Round "6"]
[White "He, Saiqi"]
[Black "Klages, Jonas"]
[Result "1/2-1/2"]
[Termination "normal"]
[Board "21"]
[WhiteElo "1659"]
[BlackElo "1693"]
[WhiteClock "00:23:01"]
[BlackClock "00:10:20"]
[PlyCount "49"]
[WhiteFideId "16292723"]
[BlackFideId "34639993"]
[EventCountry "GER"]
[EventRounds "9"]
[EventType "swiss"]
[EventDate "2024.05.18"]

1. e4 {[%clk 01:30:59]} e6 {[%clk 01:31:00]} {[%emt 00:00:02]} 2. d4 {[%clk
01:31:24]} {[%emt 00:00:04]} d5 {[%clk 01:31:27]} {[%emt 00:00:03]} 3. exd5
{[%clk 01:31:50]} {[%emt 00:00:03]} exd5 {[%clk 01:31:55]} {[%emt 00:00:03]} 4.
Bd3 {[%clk 01:32:14]} {[%emt 00:00:06]} Bd6 {[%clk 01:32:19]} {[%emt 00:00:06]}
5. Nf3 {[%clk 01:32:38]} {[%emt 00:00:05]} Nf6 {[%clk 01:32:45]} {[%emt
00:00:05]} 6. Qe2+ {[%clk 01:32:52]} {[%emt 00:00:15]} Be6 {[%clk 01:24:44]}
{[%emt 00:08:32]} 7. O-O {[%clk 01:30:53]} {[%emt 00:02:28]} O-O {[%clk
01:25:00]} {[%emt 00:00:15]} 8. Be3 {[%clk 01:20:10]} {[%emt 00:11:12]} h6
{[%clk 01:15:50]} {[%emt 00:09:40]} 9. h3 {[%clk 01:17:35]} {[%emt 00:03:05]}
Re8 {[%clk 01:14:34]} {[%emt 00:01:47]} 10. c3 {[%clk 01:11:33]} {[%emt
00:06:32]} Nbd7 {[%clk 01:03:14]} {[%emt 00:11:50]} 11. Qc2 {[%clk 01:04:33]}
{[%emt 00:07:30]} b6 {[%clk 00:56:55]} {[%emt 00:06:49]} 12. Nbd2 {[%clk
00:45:17]} {[%emt 00:19:45]} c5 {[%clk 00:52:42]} {[%emt 00:04:43]} 13. Qd1
{[%clk 00:38:12]} {[%emt 00:07:36]} c4 {[%clk 00:48:25]} {[%emt 00:04:47]} 14.
Bc2 {[%clk 00:38:37]} {[%emt 00:00:04]} Qc7 {[%clk 00:45:25]} {[%emt 00:03:30]}
15. Re1 {[%clk 00:34:20]} {[%emt 00:04:47]} b5 {[%clk 00:41:58]} {[%emt
00:03:58]} 16. Rc1 {[%clk 00:29:43]} {[%emt 00:05:06]} a5 {[%clk 00:35:03]}
{[%emt 00:07:26]} 17. Nh4 {[%clk 00:28:38]} {[%emt 00:01:34]} Nb6 {[%clk
00:29:12]} {[%emt 00:06:22]} 18. Nf5 {[%clk 00:27:26]} {[%emt 00:01:41]} Bxf5
{[%clk 00:21:11]} {[%emt 00:08:31]} 19. Bxf5 {[%clk 00:27:49]} {[%emt
00:00:07]} b4 {[%clk 00:17:43]} {[%emt 00:03:59]} 20. Bc2 {[%clk 00:25:54]}
{[%emt 00:02:24]} a4 {[%clk 00:17:02]} {[%emt 00:01:12]} 21. cxb4 {[%clk
00:25:42]} {[%emt 00:00:42]} Bxb4 {[%clk 00:17:23]} {[%emt 00:00:09]} 22. Qf3
{[%clk 00:26:00]} {[%emt 00:00:12]} Qd7 {[%clk 00:13:39]} {[%emt 00:04:14]} 23.
Red1 {[%clk 00:25:40]} {[%emt 00:00:51]} Nh7 {[%clk 00:10:46]} {[%emt
00:03:22]} 24. Nf1 {[%clk 00:23:23]} {[%emt 00:02:47]} Nf8 {[%clk 00:10:20]}
{[%emt 00:00:56]} 25. Ng3 {[%clk 00:23:01]} {[%emt 00:00:51]} 1/2-1/2

[Event "ODJM B 2024"]
[Site "Willingen GER"]
[Date "2024.05.22"]
[Round "6"]
[White "Liang, Jiaxuan"]
[Black "Frank, Carolin"]
[Result "1-0"]
[Termination "normal"]
[Board "22"]
[WhiteElo "1673"]
[BlackElo "1766"]
[WhiteClock "00:40:07"]
[BlackClock "00:05:29"]
[PlyCount "91"]
[WhiteFideId "34675205"]
[BlackFideId "16207190"]
[EventCountry "GER"]
[EventRounds "9"]
[EventType "swiss"]
[EventDate "2024.05.18"]

1. e4 {[%clk 01:30:58]} {[%emt 00:00:02]} c6 {[%clk 01:30:55]} {[%emt
00:00:06]} 2. c4 {[%clk 01:31:22]} {[%emt 00:00:06]} d5 {[%clk 01:30:17]}
{[%emt 00:01:07]} 3. exd5 {[%clk 01:31:44]} {[%emt 00:00:09]} cxd5 {[%clk
01:30:39]} {[%emt 00:00:08]} 4. cxd5 {[%clk 01:32:08]} {[%emt 00:00:06]} Qxd5
{[%clk 01:22:15]} {[%emt 00:08:54]} 5. Nc3 {[%clk 01:32:29]} {[%emt 00:00:08]}
Qe5+ {[%clk 01:17:12]} {[%emt 00:05:32]} 6. Be2 {[%clk 01:28:06]} {[%emt
00:04:54]} Nc6 {[%clk 01:08:10]} {[%emt 00:09:33]} 7. Nf3 {[%clk 01:27:02]}
{[%emt 00:01:34]} Qa5 {[%clk 01:07:18]} {[%emt 00:01:22]} 8. d4 {[%clk
01:26:02]} {[%emt 00:01:30]} Nf6 {[%clk 01:00:50]} {[%emt 00:06:58]} 9. O-O
{[%clk 01:17:57]} {[%emt 00:08:35]} e6 {[%clk 00:58:32]} {[%emt 00:02:48]} 10.
Re1 {[%clk 01:15:08]} {[%emt 00:03:18]} Be7 {[%clk 00:57:59]} {[%emt 00:01:03]}
11. Bc4 {[%clk 01:13:01]} {[%emt 00:02:37]} O-O {[%clk 00:55:40]} {[%emt
00:02:50]} 12. d5 {[%clk 01:12:13]} {[%emt 00:01:18]} exd5 {[%clk 00:55:02]}
{[%emt 00:01:07]} 13. Nxd5 {[%clk 01:08:04]} {[%emt 00:04:39]} Nxd5 {[%clk
00:53:14]} {[%emt 00:02:19]} 14. Qxd5 {[%clk 01:07:00]} {[%emt 00:01:33]} Bb4
{[%clk 00:48:39]} {[%emt 00:05:05]} 15. Bd2 {[%clk 01:00:15]} {[%emt 00:07:14]}
Qxd5 {[%clk 00:35:12]} {[%emt 00:13:57]} 16. Bxd5 {[%clk 01:00:22]} {[%emt
00:00:24]} Bxd2 {[%clk 00:34:06]} {[%emt 00:01:37]} 17. Nxd2 {[%clk 01:00:50]}
{[%emt 00:00:01]} Nd4 {[%clk 00:31:24]} {[%emt 00:03:10]} 18. Rac1 {[%clk
00:58:44]} {[%emt 00:02:38]} Rb8 {[%clk 00:30:43]} {[%emt 00:01:11]} 19. Nb3
{[%clk 00:53:11]} {[%emt 00:06:03]} Nxb3 {[%clk 00:26:57]} {[%emt 00:04:16]}
20. Bxb3 {[%clk 00:53:35]} {[%emt 00:00:06]} Bf5 {[%clk 00:22:29]} {[%emt
00:04:57]} 21. Re7 {[%clk 00:51:32]} {[%emt 00:02:34]} Rbc8 {[%clk 00:14:20]}
{[%emt 00:08:39]} 22. Rxc8 {[%clk 00:49:50]} {[%emt 00:02:13]} Bxc8 {[%clk
00:14:18]} {[%emt 00:00:31]} 23. f3 {[%clk 00:47:29]} {[%emt 00:02:51]} a6
{[%clk 00:14:11]} {[%emt 00:00:37]} 24. g4 {[%clk 00:45:48]} {[%emt 00:02:11]}
h6 {[%clk 00:12:26]} {[%emt 00:02:15]} 25. h4 {[%clk 00:43:49]} {[%emt
00:02:29]} g6 {[%clk 00:10:34]} {[%emt 00:02:22]} 26. g5 {[%clk 00:43:28]}
{[%emt 00:00:51]} hxg5 {[%clk 00:10:39]} {[%emt 00:00:25]} 27. hxg5 {[%clk
00:43:51]} {[%emt 00:00:07]} b6 {[%clk 00:08:38]} {[%emt 00:02:31]} 28. Kf2
{[%clk 00:40:40]} {[%emt 00:03:41]} Kg7 {[%clk 00:06:25]} {[%emt 00:02:42]} 29.
a4 {[%clk 00:40:01]} {[%emt 00:01:11]} Kg8 {[%clk 00:06:11]} {[%emt 00:00:43]}
30. Bc4 {[%clk 00:39:24]} {[%emt 00:01:07]} b5 {[%clk 00:03:35]} {[%emt
00:03:07]} 31. axb5 {[%clk 00:38:46]} {[%emt 00:01:08]} axb5 {[%clk 00:04:01]}
{[%emt 00:00:04]} 32. Bxb5 {[%clk 00:38:23]} {[%emt 00:00:52]} Be6 {[%clk
00:04:12]} {[%emt 00:00:19]} 33. b4 {[%clk 00:36:32]} {[%emt 00:02:21]} Rb8
{[%clk 00:04:26]} {[%emt 00:00:17]} 34. Re8+ {[%clk 00:36:41]} {[%emt
00:00:20]} Rxe8 {[%clk 00:04:45]} {[%emt 00:00:11]} 35. Bxe8 {[%clk 00:37:07]}
{[%emt 00:00:04]} Bc4 {[%clk 00:04:51]} {[%emt 00:00:23]} 36. b5 {[%clk
00:37:17]} {[%emt 00:00:21]} Bxb5 {[%clk 00:03:33]} {[%emt 00:01:48]} 37. Bxb5
{[%clk 00:37:40]} {[%emt 00:00:08]} Kg7 {[%clk 00:03:44]} {[%emt 00:00:19]} 38.
Kg3 {[%clk 00:37:44]} {[%emt 00:00:25]} f6 {[%clk 00:04:09]} {[%emt 00:00:05]}
39. Kf4 {[%clk 00:37:56]} {[%emt 00:00:19]} fxg5+ {[%clk 00:03:38]} {[%emt
00:01:00]} 40. Kxg5 {[%clk 00:38:18]} {[%emt 00:00:07]} Kf7 {[%clk 00:03:49]}
{[%emt 00:00:19]} 41. Bd3 {[%clk 00:38:40]} {[%emt 00:00:09]} Kg7 {[%clk
00:04:05]} {[%emt 00:00:14]} 42. Bxg6 {[%clk 00:39:05]} {[%emt 00:00:06]} Kf8
{[%clk 00:04:25]} {[%emt 00:00:09]} 43. Kf6 {[%clk 00:39:18]} {[%emt 00:00:18]}
Kg8 {[%clk 00:04:41]} {[%emt 00:00:13]} 44. f4 {[%clk 00:39:41]} {[%emt
00:00:08]} Kf8 {[%clk 00:05:05]} {[%emt 00:00:05]} 45. f5 {[%clk 00:40:00]}
{[%emt 00:00:11]} Kg8 {[%clk 00:05:29]} {[%emt 00:00:05]} 46. Ke7 {[%clk
00:40:07]} {[%emt 00:00:24]} 1-0